| 000 | 00351nam a2200133Ia 4500 | ||
|---|---|---|---|
| 008 | 150202s9999 xx 000 0 und d | ||
| 020 | _a373059221 | ||
| 050 |
_aFIC _bFIC |
||
| 100 | _aLeabo, Karen . | ||
| 245 |
_aBeach baby / _cKaren Leabo. |
||
| 260 |
_aNew York : _bSilhouette Books, _c1995. |
||
| 300 |
_a184 pages : _c18 cm. |
||
| 650 | _aFiction. | ||
| 999 |
_c282179 _d282179 |
||